Regulación y crisis del capitalismo : (Registro nro. 5479)
[ vista simple ]
| 000 -LEADER | |
|---|---|
| fixed length control field | 01119nam a2200265Ia 4500 |
| 003 - CONTROL NUMBER IDENTIFIER | |
| control field | OSt |
| 005 - DATE AND TIME OF LATEST TRANSACTION | |
| control field | 20200609164432.0 |
| 008 - FIXED-LENGTH DATA ELEMENTS--GENERAL INFORMATION | |
| fixed length control field | 191128s1979 sp ad gr 000 0 spa d |
| 020 ## - INTERNATIONAL STANDARD BOOK NUMBER | |
| International Standard Book Number | 8432303445 |
| 040 ## - CATALOGING SOURCE | |
| Original cataloging agency | CO-JMCR |
| Transcribing agency | CO-JMCR |
| 041 ## - LANGUAGE CODE | |
| Language code of text/sound track or separate title | spa |
| Language code of original | fr |
| 082 04 - DEWEY DECIMAL CLASSIFICATION NUMBER | |
| Classification number | 330.122 / |
| Item number | A269r |
| Edition number | 23 |
| 100 1# - MAIN ENTRY--PERSONAL NAME | |
| Personal name | Aglietta, Michel, |
| Relator term | autor |
| 9 (RLIN) | 5279 |
| 245 10 - TITLE STATEMENT | |
| Title | Regulación y crisis del capitalismo : |
| Remainder of title | la experiencia de los Estados Unidos / |
| Statement of responsibility, etc. | Michel Aglietta ; traducción de Juan Bueno |
| 250 ## - EDITION STATEMENT | |
| Edition statement | Primera edición |
| 260 ## - PUBLICATION, DISTRIBUTION, ETC. | |
| Place of publication, distribution, etc. | Madrid : |
| Name of publisher, distributor, etc. | Siglo ventiuno, |
| Date of publication, distribution, etc. | 1979 |
| 300 ## - PHYSICAL DESCRIPTION | |
| Extent | vii, 344 páginas : |
| Other physical details | gráficos a blanco y negro ; |
| Dimensions | 20 cm. |
| 505 ## - FORMATTED CONTENTS NOTE | |
| Formatted contents note | Las transformaciones de la relación salarial. Las leyes de la acumulación del capital -- Las transformaciones de las relaciones intercapitalistas las leyes de la competencia |
| 534 ## - ORIGINAL VERSION NOTE | |
| Introductory phrase | Régulation et crises du capitalisme-L' experience des etats-unis |
| 546 ## - LANGUAGE NOTE | |
| Language note | Traducido del francés |
| 650 14 - SUBJECT ADDED ENTRY--TOPICAL TERM | |
| Topical term or geographic name entry element | Capitalismo |
| Geographic subdivision | Estados Unidos |
| 9 (RLIN) | 5280 |
| 650 24 - SUBJECT ADDED ENTRY--TOPICAL TERM | |
| Topical term or geographic name entry element | Condiciones económicas |
| Geographic subdivision | Estados Unidos |
| 9 (RLIN) | 5281 |
| 700 1# - ADDED ENTRY--PERSONAL NAME | |
| Personal name | Bueno, Juan, |
| Relator term | traductor |
| 9 (RLIN) | 5282 |
| 942 ## - ADDED ENTRY ELEMENTS (KOHA) | |
| Source of classification or shelving scheme | Dewey Decimal Classification |
| Koha item type | Books |
| Withdrawn status | Lost status | Source of classification or shelving scheme | Materials specified (bound volume or other part) | Damaged status | Not for loan | Home library | Current library | Shelving location | Date acquired | Source of acquisition | Cost, normal purchase price | Total Checkouts | Full call number | Barcode | Date last seen | Copy number | Price effective from | Koha item type |
|---|---|---|---|---|---|---|---|---|---|---|---|---|---|---|---|---|---|---|
| Dewey Decimal Classification | Donación--15/04/2018-- | Biblioteca Pública José María del Castillo y Rada | Biblioteca Pública José María del Castillo y Rada | General Stacks | 11/28/2019 | Donación | 0.00 | 330.122 / A269r | 430001969 | 05/16/2024 | Ej.1 | 11/28/2019 | Books |